Jaettuja valtioiden nimiä #1 - Statistics

Yleistilastot
  • Tätä visaa on pelattu 1 104 kertaa
  • Keskiarvotulos 15 / 20
Vastaustilastot
Valtion nimi % Oikein
UUSI SEEL ANTI Uusi-Seelanti
97%
AFG ANIS TAN Afganistan
96%
VEN EZUE LA Venezuela
95%
PAR AG UAY Paraguay
93%
AZE RBAI DŽAN Azerbaidžan
92%
THA IM AA Thaimaa
92%
NICA RA GUA Nicaragua
85%
SWA ZI MAA Swazimaa
83%
BAR BA DOS Barbados
78%
TA NSA NIA Tansania
72%
MON TENE GRO Montenegro
69%
RO MAN IA Romania
69%
KR OAT IA Kroatia
67%
DJ IBO UTI Djibouti
66%
BE LG IA Belgia
65%
KA MBO DŽA Kambodža
64%
SR ILA NKA Sri Lanka
62%
UG AN DA Uganda
62%
LES OT HO Lesotho
59%
TA NS KA Tanska
41%
Ehtoja vastaavia visoja ei löytynyt
Tulosjakauma
Jokaisen tuloksen saaneiden osuus
Persentiili vastausten määrän mukaan
Tuloshistoriasi
Et ole pelannut tätä visaa